Rashōmon and Seventeen Other Stories : (Record no. 602404)

MARC details
000 -LEADER
fixed length control field 00513nam a2200193 a 4500
008 - FIXED-LENGTH DATA ELEMENTS--GENERAL INFORMATION
fixed length control field 251211s2006##################000#0#eng##
020 ## - INTERNATIONAL STANDARD BOOK NUMBER
ISBN 9780143039846
082 04 - DEWEY DECIMAL CLASSIFICATION NUMBER
Classification number 895.6342RYU
100 1# - MAIN ENTRY--AUTHOR NAME
Personal name Akutagawa, Ryūnosuke,
245 10 - TITLE STATEMENT
Title Rashōmon and Seventeen Other Stories :
260 ## - PUBLICATION, DISTRIBUTION, ETC. (IMPRINT)
Name of publisher Penguin Classics,
Year of publication 2006.
300 ## - PHYSICAL DESCRIPTION
Number of Pages 268 pages
650 #0 - SUBJECT ADDED ENTRY--TOPICAL TERM
Topical Term Fiction.
942 ## - ADDED ENTRY ELEMENTS (KOHA)
Koha item type English Books
Holdings
Withdrawn status Lost status Damaged status Not for loan Home library Current library Date acquired Full call number Accession Number Price effective from Koha item type
        Anna Centenary Library Anna Centenary Library 13.12.2025 895.6342RYU 498257 13.12.2025 English Books

Find us on the map